Voitures : les modèles mythiques (images) ! - Statistiques

Statistiques générales
  • Ce quiz a été pris 5 604 fois
  • Le résultat moyen est 14 sur 20
Statistiques - réponses
Par images Réponse % Correct
Fiat 500
98%
Volkswagen Golf
91%
Bugatti Chiron
90%
Peugeot 208
89%
Audi R8
87%
Volkswagen Polo
87%
Porsche 911
84%
Ford Mustang
82%
Audi A3
77%
Mercedes Classe G
74%
Suzuki Swift
74%
Ford Fiesta
71%
Nissan Juke
69%
Citroën Cactus
64%
Honda Civic
57%
BMW Série 3
54%
BMW M1
51%
Skoda Octavia
48%
Land Rover Defender
38%
BMW Z1
30%
Aucun quiz correspondant
Distribution des résultats
% des personnes avec chaque résultat
Percentile par nombre de réponses
Votre historique - résultats
Vous n’avez pas pris ce quiz